<?xml version='1.0' encoding='UTF-8'?>
  <record xmlns="http://www.loc.gov/MARC21/slim">
    <leader>00000cam a2200000 i 4500</leader>
    <controlfield tag="001">ocm66198150</controlfield>
    <controlfield tag="003">OCoLC</controlfield>
    <controlfield tag="005">20251214055843.6</controlfield>
    <controlfield tag="008">030131s2002    ne            000 0 dut d</controlfield>
    <datafield tag="040" ind1=" " ind2=" ">
      <subfield code="a">NLGGC</subfield>
      <subfield code="b">dut</subfield>
      <subfield code="e">fobidrtb</subfield>
      <subfield code="c">NLGGC</subfield>
      <subfield code="d">L2U</subfield>
      <subfield code="d">OCLCO</subfield>
      <subfield code="d">OCLCL</subfield>
      <subfield code="d">OCLCA</subfield>
      <subfield code="d">OCLCQ</subfield>
    </datafield>
    <datafield tag="015" ind1=" " ind2=" ">
      <subfield code="a">B0326976</subfield>
      <subfield code="2">bccb</subfield>
    </datafield>
    <datafield tag="020" ind1=" " ind2=" ">
      <subfield code="a">907691110X</subfield>
    </datafield>
    <datafield tag="020" ind1=" " ind2=" ">
      <subfield code="a">9789076911106</subfield>
    </datafield>
    <datafield tag="029" ind1="0" ind2=" ">
      <subfield code="a">NLGGC</subfield>
      <subfield code="b">242867200</subfield>
    </datafield>
    <datafield tag="035" ind1=" " ind2=" ">
      <subfield code="a">(OCoLC)66198150</subfield>
    </datafield>
    <datafield tag="045" ind1=" " ind2=" ">
      <subfield code="a">x-x-</subfield>
    </datafield>
    <datafield tag="084" ind1=" " ind2=" ">
      <subfield code="a">18.11</subfield>
      <subfield code="2">bcl</subfield>
    </datafield>
    <datafield tag="100" ind1="1" ind2=" ">
      <subfield code="a">Ritter, P.H.</subfield>
      <subfield code="q">(Pierre Henri),</subfield>
      <subfield code="c">Jr.,</subfield>
      <subfield code="d">1882-1962</subfield>
      <subfield code="1">https://id.oclc.org/worldcat/entity/E39PBJfRHbVxcgcJQdhpQm4pfq</subfield>
    </datafield>
    <datafield tag="245" ind1="1" ind2="4">
      <subfield code="a">Een waarlijk zeer markante geest :</subfield>
      <subfield code="b">de briefwisseling Dr. P.H. Ritter Jr.-Menno ter Braak (1930-1936) /</subfield>
      <subfield code="c">bezorgd en van aant. voorz. door Jan J. van Herpen.</subfield>
    </datafield>
    <datafield tag="260" ind1=" " ind2=" ">
      <subfield code="a">[Hilversum :</subfield>
      <subfield code="b">FLANOR],</subfield>
      <subfield code="c">2002.</subfield>
    </datafield>
    <datafield tag="300" ind1=" " ind2=" ">
      <subfield code="a">118 p. ;</subfield>
      <subfield code="c">21 cm.</subfield>
    </datafield>
    <datafield tag="336" ind1=" " ind2=" ">
      <subfield code="a">tekst</subfield>
      <subfield code="b">txt</subfield>
      <subfield code="2">rdacontent/dut</subfield>
    </datafield>
    <datafield tag="337" ind1=" " ind2=" ">
      <subfield code="a">zonder medium</subfield>
      <subfield code="b">n</subfield>
      <subfield code="2">rdamedia/dut</subfield>
    </datafield>
    <datafield tag="338" ind1=" " ind2=" ">
      <subfield code="a">band</subfield>
      <subfield code="b">nc</subfield>
      <subfield code="2">rdacarrier/dut</subfield>
    </datafield>
    <datafield tag="500" ind1=" " ind2=" ">
      <subfield code="a">Opl. van 40 genummerde ex.</subfield>
    </datafield>
    <datafield tag="504" ind1=" " ind2=" ">
      <subfield code="a">Met lit. opg., reg.</subfield>
    </datafield>
    <datafield tag="600" ind1="1" ind2="4">
      <subfield code="a">Ritter, P.H.</subfield>
      <subfield code="q">(Pierre Henri),</subfield>
      <subfield code="c">jr.,</subfield>
      <subfield code="d">1882-1962.</subfield>
      <subfield code="0">(NL-LeOCL)068805144</subfield>
    </datafield>
    <datafield tag="600" ind1="1" ind2="4">
      <subfield code="a">Braak, Menno ter,</subfield>
      <subfield code="d">1902-1940.</subfield>
      <subfield code="0">(NL-LeOCL)068442297</subfield>
    </datafield>
    <datafield tag="650" ind1=" " ind2="7">
      <subfield code="a">18.11 Dutch literature.</subfield>
      <subfield code="0">(NL-LeOCL)077612027</subfield>
      <subfield code="2">bcl</subfield>
    </datafield>
    <datafield tag="600" ind1="1" ind2="7">
      <subfield code="a">Ritter, P.H.,</subfield>
      <subfield code="c">jr.,</subfield>
      <subfield code="d">1882-1962.</subfield>
      <subfield code="0">(NL-LeOCL)068805144</subfield>
      <subfield code="2">nta</subfield>
    </datafield>
    <datafield tag="600" ind1="1" ind2="7">
      <subfield code="a">Braak, Menno ter,</subfield>
      <subfield code="d">1902-1940.</subfield>
      <subfield code="0">(NL-LeOCL)068442297</subfield>
      <subfield code="2">nta</subfield>
    </datafield>
    <datafield tag="655" ind1=" " ind2="7">
      <subfield code="a">Brieven (vorm)</subfield>
      <subfield code="2">gtt</subfield>
      <subfield code="0">(NL-LeOCL)088142167</subfield>
    </datafield>
    <datafield tag="700" ind1="1" ind2=" ">
      <subfield code="a">Braak, Menno ter,</subfield>
      <subfield code="d">1902-1940.</subfield>
      <subfield code="1">https://id.oclc.org/worldcat/entity/E39PBJwX6dHTt9djV9QQR8XmVC</subfield>
    </datafield>
    <datafield tag="700" ind1="1" ind2=" ">
      <subfield code="a">Herpen, Jan J. van</subfield>
      <subfield code="q">(Jan Johannes),</subfield>
      <subfield code="d">1920-2008.</subfield>
      <subfield code="1">https://id.oclc.org/worldcat/entity/E39PBJqqvRRBKK8mByFWDV63Qq</subfield>
    </datafield>
    <datafield tag="936" ind1=" " ind2=" ">
      <subfield code="a">BATCHLOAD</subfield>
    </datafield>
  </record>